000
00330nam a2200145 a 4500
003
DLC
005
20210219152719.0
035
_a
UPN01000059452
245
0
0
_a
AUTOEDUCACION
260
_a
Lima, PerĂș
_b
Instituto de PedagogĂa Popular
310
_a
Trimestral
653
0
_a
PEDAGOGIA
905
_a
Revista
999
_c
59433
_d
59433